50 Important Historical People - Statistics

General Stats
  • This quiz has been taken 882 times
  • The average score is 32 of 50
Answer Stats
Hint Answer % Correct
1st man on the moon Neil Armstrong
98%
Nazi leader Adolf Hitler
93%
Christian Messiah Jesus
92%
Leader of the USSR during WW2 Joseph Stalin
92%
Theory of Evolution Charles Darwin
90%
British leader during WW2 Winston Churchill
88%
First black president Barack Obama
87%
First American President George Washington
87%
Painted the Mona Lisa Da vinci
86%
Pushed for Indian independence Gandhi
85%
Painted the Sistine Chapel Michelangelo
85%
Started Islam Muhammad
85%
Theory of Relativity Albert Einstein
83%
Father of Communism Karl Marx
83%
Led communist revolution in China Mao Zedong
82%
French general and emperor of the 1sr French Republic. Napoleon
80%
Famous American scientist- invented the lighbulb Thomas Edison
80%
English Playwright William Shakespeare
78%
Famous Composer Wolfgang Mozart
78%
Crossed the Alps with Elephants Hannibal
74%
Conquered 1st Persian Empire Alexander The Great
73%
1st Roman Emperor Augustus
72%
Blamed for 9/11 Osma Bin Laden
71%
Famous Frankish and Holy Roman Empire ruler Charlemagne
70%
Last Egyptian Pharaoh Cleopatra
70%
English queen, always wore black Queen Victoria
70%
Assassinated in Sarajevo Archduke Franz Ferdinand
67%
Author of Oliver Twist Charles Dickens
63%
Discovered NZ and Australia - British James Cook
63%
Leader of North Korea during Korean war Kim Il Sung
63%
Black preacher, assassinated Matin Luther King
63%
Japanese emperor during WW2 Michinomiya Hirohito
63%
Mongol Conqueror Gengis Khan
59%
British Admiral Horatio Nelson
57%
Serbian scientist Nikola Tesla
57%
Roman Politician - linked with Cleopatra Mark Antony
56%
Won the Battle of Hastings William the Conqueror
54%
Famous Italian scientist Galileo Galilei
50%
Leader if the Khmer Rouge Pol Pot
47%
Restored the English Monarchy Charles II
45%
Let Rome become Christian Constantine
45%
Lead first circumference of the world, died halfway through Ferdinand Magellan
43%
British commander the helped win the Battle of Waterloo Duke of Wellington
40%
Climbed Mt Everest Edmund Hillary
40%
Famous Florentine author Dante
23%
Buried at the Pyramid of Giza Khufu
14%
United China for the first time. Qin Shi Haung
10%
Defended the Muslim invasion of Gaul Charles Martel
9%
Famous Scottish queen Mary of Scots
4%
Defended the City of Vienna while under Ottoman siege Niklas Salm
1%
No matching quizzes found
Score Distribution
Percent of People with Each Score
Percentile by Number Answered
Your Score History
You have not taken this quiz